000 00451nam a2200145 a 4500
008 120416s1984 ||||||||||||||||| || u
020 _a0718122771
050 _aPR 6056.R43M6
100 _aEvans, Jonathan
245 1 0 _aMonopoly
260 _aLondon
_bMichael Joseph
_c1984
300 _a258p.
350 _a0.00
995 _D0.00
_FCBU-MAIN LIBRARY (Kitwe)
_H1
_I8.95
_M1
_UAVAILABLE
_ZFiction Collection
999 _c51635
_d51635